00000000nam##2200000za#4500
0019.694510
003CaOODSP
00520210624234142
007cr |||||||||||
008150407|2007||||xxc|||||o    f|0| 0 eng|d
040 |aCaOODSP|beng
043 |an-cn---
0861 |aNH15-459/2007E-PDF
1102 |aCanada Mortgage and Housing Corporation.
24510|aFederal government renovation assistance evaluation plan |h[electronic resource]
260 |aOttawa - Ontario : |bCanada Mortgage and Housing Corporation |cDecember 2007.
300 |a24p.|bfig., tables
500 |aOn cover: Audit and Evaluation Services.
590 |a11-27-Supp|b2011-11-15
69007|aFederal programs|2gcpds
69007|aFinancial assistance|2gcpds
69007|aHome renovations|2gcpds
69007|aPolicy review|2gcpds
77508|tProgrammes d'aide à la rénovation du gouvernement fédéral : |w(CaOODSP)9.638683
85640|ahttp://publications.gc.ca|qPDF|s1.15 MB|uhttps://publications.gc.ca/collections/collection_2011/schl-cmhc/NH15-459-2007-eng.pdf